| 000 | 00534nam a2200181Ia 4500 | ||
|---|---|---|---|
| 005 | 20250508162004.0 | ||
| 008 | 008 250505s9999 xx 000 0 eng d | ||
| 037 | _aTextual | ||
| 040 |
_aFEDL _beng _cFEDL |
||
| 041 |
_aeng _2eng |
||
| 084 |
_a808.042, WYR _qFEDL |
||
| 100 |
_aWyrick Jean _952641 |
||
| 245 | 0 | _aSteps to writing well : A concise guide to compostion | |
| 260 |
_aNew York, USA _bHolt, Rinehart and Winston _c1979 |
||
| 300 | _a251p. | ||
| 942 |
_cTEXL _h808.042, WYR |
||
| 999 |
_c1373683 _d1373683 |
||